| 000 | 00563nam a22002057a 4500 | ||
|---|---|---|---|
| 008 | 131003b xxu||||| |||| 00| 0 ger d | ||
| 020 | _a3540096566 | ||
| 020 | _a0387096566 | ||
| 041 | 1 | _ager | |
| 080 | _a004 | ||
| 100 | 1 | _aBode, Arndt | |
| 245 |
_aRechner-architektur _cBode, Arndt |
||
| 260 |
_aNew York _aBerlin _bSpringer-Verlag Berlin Heidelberg _c1980 |
||
| 300 |
_a278 f. _bilustr. _c24 cm. |
||
| 500 | _aParathenie [V]-VIII | ||
| 650 | 0 | _aKompjuterat | |
| 650 | 0 | _aArkitektura | |
| 700 | 1 | _aWolfgang Handler | |
| 942 |
_2udc _cBK |
||
| 999 |
_c22 _d22 |
||